El sol y la piel.
Guardado en:
| Formato: | |
|---|---|
| Materias: | |
| Etiquetas: |
Agregar Etiqueta
Sin Etiquetas, Sea el primero en etiquetar este registro!
|
| LEADER | 00692ngm a22002175g 4500 | ||
|---|---|---|---|
| 001 | CEM.cems022754 | ||
| 008 | 130507b2005##################0###0#####d | ||
| 005 | 20241115143724.0 | ||
| 245 | 0 | 0 | |a El sol y la piel. |
| 300 | |a 18'. | ||
| 500 | |a En soporte VHS, consultar en ventanilla. | ||
| 505 | 0 | |a Cortometraje acerca de los riesgos de la exposición al sol. | |
| 538 | |a Soporte: VHS - Norma: Pal N - Color: Si - Grabación DRD 2005 - Hitachi=5160 | ||
| 082 | 6 | 1 | |/ EDU |
| 653 | |a BIOLOGIA | ||
| 653 | |a MEDICINA | ||
| 653 | |a PIEL | ||
| 653 | |a ENFERMEDADES | ||
| 653 | |a NIVEL PRIMARIO | ||
| 653 | |a NIVEL SECUNDARIO | ||
| 859 | |a CEMS |b BIB. CEMS - Depto. Recursos Didacticos |h 611 |i EDU |k DRD |p 1397.12 |t Ej.1 | ||
